[Event "CAN-ch U12"]
[Site "Vancouver"]
[Date "2012.07.04"]
[Round "4"]
[White "Hou, Frank Gui"]
[Black "Han, Lionel"]
[Result "0-1"]
[WhiteElo "1200"]
[BlackElo "1521"]
[PlyCount "76"]
[EventDate "2012.07.03"]
[EventType "swiss"]
[EventRounds "7"]
[EventCountry "CAN"]
[SourceTitle "EXT 2022"]
[Source "ChessBase"]
[SourceDate "2021.10.06"]
[SourceVersion "1"]
[SourceVersionDate "2021.10.06"]
[SourceQuality "1"]

1. e4 e5 2. Nf3 Nc6 3. Bb5 Nf6 4. Nc3 Bc5 5. Nxe5 Bxf2+ 6. Kxf2 Nxe5 7. d4 Ng6 8. Bg5 h6 9. Bd2 c6 10. Bd3 Qb6 11. Re1 Qxd4+ 12. Kf1 0-0 13. Be3 Qe5 14. Kg1 d5 15. h3 Nh4 16. Bf1 Nxe4 17. Nxe4 Qxe4 18. Bxh6 Qg6 19. Bf4 Bxh3 20. Qd3 Bxg2 21. Qxg6 Nxg6 22. Bd6 Rfd8 23. Bc7 Rd7 24. Bxg2 Rxc7 25. Rad1 Rb8 26. Re4 c5 27. Rc4 b6 28. Bh3 Re8 29. Bf5 Ne5 30. Rc3 g6 31. Bh3 f5 32. Kf2 f4 33. Rg1 Rg7 34. a3 g5 35. Bg4 Rh7 36. Rh3 Nxg4+ 37. Rxg4 Rxh3 38. Rxg5+ Kh7 0-1

[Event "CAN-ch U10"]
[Site "Victoria"]
[Date "2009.07.23"]
[Round "7"]
[White "Han, Lionel"]
[Black "Sirkovich, Daniel"]
[Result "1-0"]
[WhiteElo "1124"]
[BlackElo "1292"]
[PlyCount "121"]
[EventDate "2009.07.21"]
[EventType "swiss"]
[EventRounds "7"]
[EventCountry "CAN"]
[SourceTitle "EXT 2011"]
[Source "ChessBase"]
[SourceDate "2010.11.26"]
[SourceVersion "1"]
[SourceVersionDate "2010.11.26"]
[SourceQuality "1"]

1. e4 c5 2. Nf3 d6 3. d4 cxd4 4. Nxd4 Nf6 5. Nc3 g6 6. f3 Bg7 7. Be3 0-0 8. Qd2 Nc6 9. Nb3 Be6 10. Bh6 Qb6 11. Bxg7 Kxg7 12. Bd3 Bxb3 13. axb3 a6 14. Na4 Qa7 15. g4 Nd4 16. Be2 Rac8 17. Nc3 Rfd8 18. h4 Kh8 19. h5 Rg8 20. hxg6 Rxg6 21. 0-0-0 e5 22. g5 Nd7 23. Rh3 b5 24. Rdh1 Nf8 25. Bd3 b4 26. Qh2 Rg7 27. Nd5 Nde6 28. Rh5 f6 29. gxf6 Rf7 30. Ne7 Rc7 31. Qg3 Rcxe7 32. fxe7 Qxe7 33. Rf5 Rg7 34. Qh4 Qa7 35. Bc4 a5 36. Qd8 Rg8 37. Qf6+ Qg7 38. Bxe6 Qxf6 39. Rxf6 Nxe6 40. Rxe6 Rd8 41. Re7 Kg8 42. Rexh7 Kf8 43. Rh8+ Ke7 44. R1h7+ Ke6 45. Rxd8 Kf6 46. Rxd6+ Kg5 47. Rg7+ Kf4 48. Rf7+ Ke3 49. Rd3+ Ke2 50. f4 exf4 51. Rxf4 a4 52. Rh4 Kf2 53. bxa4 b3 54. cxb3 Kf1 55. e5 Ke2 56. e6 Kxd3 57. e7 Ke2 58. e8Q+ Kf2 59. Qf7+ Kg3 60. Qf4+ Kg2 61. Rh2+ 1-0

[Event "CAN-ch U10"]
[Site "Victoria"]
[Date "2009.07.21"]
[Round "2"]
[White "Carradice, Lemuel"]
[Black "Han, Lionel"]
[Result "0-1"]
[WhiteElo "961"]
[BlackElo "1124"]
[PlyCount "56"]
[EventDate "2009.07.21"]
[EventType "swiss"]
[EventRounds "7"]
[EventCountry "CAN"]
[SourceTitle "EXT 2011"]
[Source "ChessBase"]
[SourceDate "2010.11.26"]
[SourceVersion "1"]
[SourceVersionDate "2010.11.26"]
[SourceQuality "1"]

1. e3 e5 2. Qf3 Nf6 3. g4 d5 4. Bb5+ c6 5. Be2 Bxg4 6. Qg3 Be6 7. Qxe5 Bd6 8. Qc3 Qc7 9. Nf3 Nbd7 10. 0-0 Nh5 11. Ng5 Bxh2+ 12. Kg2 Ndf6 13. Rh1 d4 14. Qd3 Bf4 15. exf4 Nxf4+ 16. Kf1 Nxd3 17. Bxd3 Bd5 18. Be4 Nxe4 19. Nxe4 Bxe4 20. Rh4 Qe7 21. Rf4 g5 22. Rg4 h5 23. Rg1 g4 24. b3 Bf3 25. Rg3 h4 26. Ba3 Qe2+ 27. Kg1 Qe1+ 28. Kh2 Qh1# 0-1